00507 2200193 4500001002100000005001500021035002000036007000300056008004100059020002200100082000800122084001400130100001800144245004600162260003400208300004500242600001500287990001100302INLIS00000000000003620230926084246 a0010-0923000024ta230926 g 0 ind  a978-602-9462-43-2 a631 a631 MUH l0 aMuhammad Noor1 aLAHAN RAWA :bPenelitian dan Pengembangan aJakarta :bIAARD Press,c2012 axvii, 103 hlm, :bilus, ;c18 cm x 25 cm 4aLahan Rawa a845/18